Sports Quiz

Random Sports or Golf Quiz

Masters Winners Quiz Stats

 Plays Quiz Updated Apr 14, 2019

Score 0/83 Timer 08:00
6 Plays Today
Year Player % Correct
2019Tiger Woods
98.1%
1997Tiger Woods
98.1%
2001Tiger Woods
98.1%
2002Tiger Woods
98.1%
2005Tiger Woods
98.1%
2004Phil Mickelson
90.2%
2006Phil Mickelson
90.2%
1963Jack Nicklaus
89.9%
1965Jack Nicklaus
89.9%
1966Jack Nicklaus
89.9%
1972Jack Nicklaus
89.9%
1975Jack Nicklaus
89.9%
1986Jack Nicklaus
89.9%
1958Arnold Palmer
88.6%
1960Arnold Palmer
88.6%
1962Arnold Palmer
88.6%
1964Arnold Palmer
88.6%
2012Bubba Watson
86.1%
2014Bubba Watson
86.1%
2015Jordan Spieth
81.8%
2017Sergio García
80.9%
1941Craig Wood
78.4%
2018Patrick Reed
74.2%
1977Tom Watson
72.8%
1981Tom Watson
72.8%
1961Gary Player
70.9%
1974Gary Player
70.9%
1978Gary Player
70.9%
Year Player % Correct
1989Nick Faldo
69.5%
1990Nick Faldo
69.5%
1996Nick Faldo
69.5%
2000Vijay Singh
68.6%
2013Adam Scott
67.7%
2007Zach Johnson
67.5%
2016Danny Willett
65.6%
1951Ben Hogan
64.6%
1953Ben Hogan
64.6%
1949Sam Snead
60.3%
1952Sam Snead
60.3%
1954Sam Snead
60.3%
2010Phil Mickelson
58.4%
2009Angel Cabrera
56.9%
1980Seve Ballesteros
55.7%
1983Seve Ballesteros
55.7%
2003Mike Weir
55.5%
1992Fred Couples
53.4%
2008Trevor Immelman
50.4%
1994Jose Maria Olazabal
50%
1999Jose Maria Olazabal
50%
1998Mark O'Meara
49.3%
1984Ben Crenshaw
45.4%
1995Ben Crenshaw
45.4%
1985Bernhard Langer
43.9%
1993Bernhard Langer
43.9%
1934Horton Smith
42.3%
1936Horton Smith
42.3%
Year Player % Correct
1937Byron Nelson
41.5%
1942Byron Nelson
41.5%
1988Sandy Lyle
40.7%
1987Larry Mize
40.7%
1979Fuzzy Zoeller
40.4%
1991Ian Woosnam
40.3%
1935Gene Sarazen
39.3%
1982Craig Stadler
36.1%
1976Ray Floyd
32.1%
2011Charl Schwartzel
29.1%
1970Billy Casper
25.7%
1940Jimmy Demaret
22.7%
1947Jimmy Demaret
22.7%
1950Jimmy Demaret
22.7%
1971Charles Coody
19.1%
1973Tommy Aaron
18.4%
1955Cary Middlecoff
18.4%
1968Bob Goalby
17.4%
1967Gay Brewer Jr.
17.3%
1957Doug Ford
17%
1959Art Wall Jr.
16.5%
1969George Archer
16.1%
1956Jack Burke Jr.
15.8%
1948Claude Harmon
15.4%
1939Ralph Guldahl
13.8%
1938Henry Picard
13.4%
1946Herman Keiser
12.1%

You're not logged in!

Compare scores with friends on all Sporcle quizzes.
OR
Log In

Sporcle TV

Today on Sporcle TV


Watch our educational content, quiz creation guides, and fun videos on Sporcle TV.

Show Comments

Extras

Top Quizzes Today


Score Distribution

Your Account Isn't Verified!

In order to create a playlist on Sporcle, you need to verify the email address you used during registration. Go to your Sporcle Settings to finish the process.

Report this User

Report this user for behavior that violates our Community Guidelines.

Details: